|
|
|
|
| LEADER |
01106nam a2200301 a 4500 |
| 001 |
c000411524 |
| 003 |
CARM |
| 005 |
00000000000000.0 |
| 008 |
830712s1983 vra 00010 eng d |
| 019 |
1 |
|
|a 2726939
|
| 020 |
|
|
|a 0949637289 :
|c price unknown
|
| 040 |
|
|
|a VDU
|c VDU
|
| 082 |
0 |
4 |
|a 649.33
|2 19
|
| 100 |
1 |
|
|a Boadle, Ann.
|
| 245 |
1 |
0 |
|a Breastfeeding and hospitalization.
|
| 260 |
0 |
|
|a Nunawading :
|b Nursing Mothers' Association of Australia,
|c 1983.
|
| 300 |
|
|
|a 11 p. ;
|c 21 cm.
|
| 500 |
|
|
|a Developed from the N.M.A.A.'s earlier booklet Breastfeeding when mother is hospitalized.
|
| 500 |
|
|
|a Cover title.
|
| 500 |
|
|
|a Prepared by Anne Boadle.
|
| 650 |
|
0 |
|a Breastfeeding.
|
| 650 |
|
0 |
|a Newborn infants
|x Hospital care.
|
| 650 |
|
0 |
|a Mother and child.
|
| 650 |
|
0 |
|a Maternal health services.
|
| 710 |
2 |
|
|a Nursing Mothers' Association of Australia.
|
| 852 |
8 |
|
|b CARM
|h A3:AF33F0
|i C12699
|p 0586984
|f BK
|
| 999 |
f |
f |
|i f83520af-cefb-506a-b1ae-1d20c9782507
|s 2780e11d-d6a0-5765-b79b-4a5513b67ba3
|
| 952 |
f |
f |
|p Can circulate
|a CAVAL
|b CAVAL
|c CAVAL
|d CARM 1 Store
|e C12699
|f A3:AF33F0
|h Other scheme
|i book
|m 0586984
|